000 01109nam a22002537a 4500
005 20240305165418.0
007 cr|||| ||||
008 131217s2013 sp |||||s|||| 00||0 spa d
020 _a978-84-9031-441-8
035 _a11686
040 _avLex
090 _c4622
_d4622
100 1 _aPérez Suárez, Jorge Ramiro
245 1 3 _aLas Crónicas de Enriq.
_h[Recurso electrónico] :
_b La enseñanza de la Criminología y el Derecho Penal a través del método del caso /
_cJorge Ramiro Pérez Suárez
256 _aServicio en línea
260 _aMadrid :
_bDykinson,
_c2013
300 _a1 recurso electrónico
506 1 _aContenido solo disponible en los productos indicados
_dvLex Global
_dvLex Global (Academic Edition, excluding Law Schools)
_dvLex Global (U.S. Academic Edition, Law Schools)
_dvLex Global (U.S. Academic Edition, excluding Law Schools)
_dvLex Global (Academic Edition, Law Schools)
650 0 4 _aCriminología
650 0 4 _aDerecho penal
740 0 _avLex Libros (Servicio en línea)
856 4 0 _uhttps://app.vlex.com/#/sources/las-cronicas-enriq-11686
942 _cRAA
999 _c162981
_d162981